| 000 | 00345nam a2200121Ia 4500 | ||
|---|---|---|---|
| 008 | 220204s9999 xx 000 0 und d | ||
| 020 | _a0631206612 | ||
| 082 |
_a316.334.3 _bNAS |
||
| 100 | _aNash, Kate | ||
| 245 | 0 | _aContemporary political sociology : Globalization, politics and power | |
| 260 |
_aUSA _bBlackwell Publishers _c2000 |
||
| 942 | _cBK | ||
| 999 |
_c41999 _d41999 |
||